|
|
|
|
| LEADER |
00000nam0a2200000 4500 |
| 001 |
312045 |
| 005 |
20231102002439.0 |
| 020 |
|
|
|a RU
|b 81-73033
|
| 035 |
|
|
|a (RuTPU)RU\TPU\book\337412
|
| 090 |
|
|
|a 312045
|
| 100 |
|
|
|a 20151216d1981 k y0rusy5003 ca
|
| 101 |
0 |
|
|a rus
|
| 102 |
|
|
|a RU
|
| 105 |
|
|
|a a z 001zy
|
| 200 |
1 |
|
|a Геология и металлогения докембрия Дальнего Востока
|e сборник статей
|f Академия наук СССР (АН СССР), Научный совет по геологии докембрия ; под ред. К. О. Кратца
|
| 210 |
|
|
|a Ленинград
|c Наука
|d 1981
|
| 215 |
|
|
|a 216 с.
|c ил.
|e карт., 1 л. табл.
|
| 320 |
|
|
|a Библиография в конце статей
|
| 606 |
1 |
|
|a Докембрийские отложения
|2 stltpush
|3 (RuTPU)RU\TPU\subj\9862
|9 37021
|
| 610 |
1 |
|
|a Дальний Восток
|
| 610 |
1 |
|
|a металлогения
|
| 610 |
1 |
|
|a геология
|
| 610 |
1 |
|
|a алданский щит
|
| 610 |
1 |
|
|a Сибирская платформа
|
| 610 |
1 |
|
|a литология
|
| 610 |
1 |
|
|a тектоника
|
| 610 |
1 |
|
|a петрология
|
| 610 |
1 |
|
|a магматизм
|
| 675 |
|
|
|a 551.71/.72
|z rus
|v 3
|
| 702 |
|
1 |
|a Кратц
|b К. О.
|g Кауко Оттович
|4 340
|
| 712 |
0 |
2 |
|a Академия наук СССР (АН СССР)
|b Научный совет по геологии докембрия
|c (1925-1991)
|2 stltpush
|3 (RuTPU)RU\TPU\col\722
|
| 801 |
|
0 |
|a RU
|b RuMRKP
|c 19950704
|g psbo
|
| 801 |
|
1 |
|a RU
|b 63413507
|c 20151216
|
| 801 |
|
2 |
|a RU
|b 63413507
|c 20170207
|g RCR
|
| 942 |
|
|
|c BK
|